00514nam a2200181Ia 450000500170000000800410001702000150005808200130007310000230008624500300010926000300013930000180016965000150018765000160020294200060021895200950022499900130031920240628053744.0240331s9999 xx 000 0 und d a0415104319 a128bDEN aDennett, C. Daniel 0aContent and Consciousness aNew yorkbRoutledgec1986 axvi, 198 p ., aphilosophy ainformation cL 001040708LaWERCLbWERCLcSSCd2024-03-31l0o 128 DENp5049r2024-03-31w2024-03-31yL c714d714